000
00323nam a2200109Ia 4500
008
171211s9999 xx 000 0 und d
245
4
_a
The Tribes of Muriwhenua: Their Stories and Origins
245
_c
Dorothy Urlich Cloher
260
_c
2002
650
_x
TRAVEL
856
_u
http://down.ebook777.com/058/9781869402693.pdf
999
_c
347774
_d
347774